00891nam a22002777a 45000010005000000030006000050050017000110080041000280200018000690400030000870500015001170820008001321000019001402450071001592500040002302600037002703000059003074900028003665050008003945200076004025210029004785210020005076500029005276500025005567000032005817030FISKH20250619094709.0250619b cb ||||| |||| 00| 0 eng d a9780590480765 aFISKHbeng cFISKHdFISKH aQC357 .B45 a535 aBerger, Melvin aAll about light /cby Melvin Berger : illustrated by Blanche Sims  aFirst Scholastic printing,June 1995 aNew York : bScholastic ,c1995. a32 unnumbered pages : bcolor illustrations ;c23 cm . aDo-It yourself science  aJ  aProvides children with simple explanations and experiments about light.8 a500 bLexile estimate 8 aJ bRaz-Plus  aExperimentsvNon-fiction aPhysicsvNon-fiction aSims, BlancheeIllustrator